| 000 | 004140000a22001570004500 | ||
|---|---|---|---|
| 003 | MACL | ||
| 005 | 20151231162529.0 | ||
| 008 | 151231b xxu||||| |||| 00| 0 eng d | ||
| 040 |
_aMACL _cMACL |
||
| 041 | _aEnglish | ||
| 082 | _a354.54/MAH | ||
| 100 |
_aAzam, Khan Saheb Khwaja Mahomed _925958 |
||
| 245 | _aThe Panchayat System of Dacca | ||
| 650 |
_aPublic Administration _925959 |
||
| 942 |
_cBK _k354.54/AZA _2ddc |
||
| 999 |
_c36834 _d36834 |
||